Great circle flyover countries - Statistics

General Stats
  • This quiz has been taken 7 times
  • The average score is 4 of 10
Answer Stats
Question Answer % Correct
London, UK & Perth, Australia Iran
67%
Beijing, China & Mumbai, India Nepal
67%
Amsterdam, Netherlands & Johannesburg, South Africa Zambia
67%
Chicago, Illinois & Kuala Lumpur, Malaysia Canada
33%
Miami, Florida & Tel Aviv, Israel Greece
33%
Munich, Germany & Tokyo, Japan Latvia
33%
Atlanta, Georgia & Lima, Peru Panama
33%
Buenos Aires, Argentina & Paris, France Uruguay
33%
Houston, Texas & Sao Paulo, Brazil Colombia
0%
Cape Town, South Africa & Dubai, UAE Ethiopia
0%
No matching quizzes found
Score Distribution
Percent of People with Each Score
Percentile by Number Answered
Your Score History
You have not taken this quiz